Một số đính chính về niên đại của các vua triều Nguyễn /

Guardado en:
Detalles Bibliográficos
Autor principal: Tràn Đức Anh Sơn.
Formato: Artículo
Lenguaje:Vietnamese
Materias:
Etiquetas: Agregar Etiqueta
Sin Etiquetas, Sea el primero en etiquetar este registro!
Thư viện lưu trữ: Thư viện Trường Đại học Đà Lạt
LEADER 00791nam a2200265 4500
001 DLU090087201
005 ##20091005
040 # # |a DLU  |b vie 
041 # # |a vie 
044 # # |a vn 
100 # # |a Tràn Đức Anh Sơn.  
245 # # |a Một số đính chính về niên đại của các vua triều Nguyễn /  |c Tràn Đức Anh Sơn.  
653 # # |a Nhà Nguyễn 
653 # # |a Tổ chức hành chính 
653 # # |a Triều đình 
773 # # |t Nghiên cứu lịch sử  |g Số 4(275), 1994, tr. 69-72 
920 # # |a Phòng Tạp chí -- Trung tâm Thông tin - Thư viện Trường Đại học Đà Lạt 
994 # # |a DLU 
900 # # |a True 
911 # # |a Nguyễn Thị Linh Chi 
925 # # |a G 
926 # # |a A 
927 # # |a BB 
980 # # |a Thư viện Trường Đại học Đà Lạt